Normal view
MARC view
- Reich, David
Entry Personal Name
001 - CONTROL NUMBER
- control field: 93693
003 - CONTROL NUMBER IDENTIFIER
- control field: NUST
005 - DATE AND TIME OF LATEST TRANSACTION
- control field: 20220719103155.0
008 - FIXED-LENGTH DATA ELEMENTS
- fixed length control field: 220719|| aca||aabn | a|a d
040 ## - CATALOGING SOURCE
- Original cataloging agency: NUST
- Transcribing agency: NUST
100 ## - HEADING--PERSONAL NAME
- Personal name: Reich, David
- Titles and other words associated with a name: (Of Harvard Medical School)
670 ## - SOURCE DATA FOUND
- Source citation: Work cat.: (NUST)0: Reich, David (Of Harvard Medical School), author., Who we are and how we got here :
